Geography Quiz

Random Geography or City Quiz

Largest Two-Word Cities Quiz Stats

 Plays Quiz Updated Sep 29, 2015

Challenge
Share
Tweet
Embed
Score 0/20 Timer 07:00
6 Plays Today
Rank City % Correct
11New York, USA
94.4%
15Los Angeles, USA
89.5%
10Mexico City, Mexico
79.8%
47San Francisco, USA
71.6%
147San Diego, USA
63.6%
21Buenos Aires, Argentina
59.8%
12São Paulo, Brazil
58.6%
75Saint Petersburg, Russia
54%
50Hong Kong, China
47.8%
107Cape Town, South Africa
43.5%
Rank City % Correct
56Kuala Lumpur, Malaysia
38.2%
138Addis Ababa, Ethiopia
32.8%
162Guatemala City, Guatemala
31.4%
214St. Louis, USA
28.5%
199Tel Aviv, Israel
25.3%
130Santo Domingo, Dominican Republic
23.3%
109Kuwait City, Kuwait
23.1%
231San Juan, Puerto Rico
19.2%
85Belo Horizonte, Brazil
16.6%
108Porto Alegre, Brazil
12%

You're not logged in!

Compare scores with friends on all Sporcle quizzes.
Join for Free
OR
Log In

You Might Also Like...

Show Comments

Extras

Top Quizzes Today


Score Distribution

Your Account Isn't Verified!

In order to create a playlist on Sporcle, you need to verify the email address you used during registration. Go to your Sporcle Settings to finish the process.

Report this User

Report this user for behavior that violates our Community Guidelines.

Details: